[Event "71. Campeonato de Bulgaria"]
[Site "Pernik BUL"]
[Date "2007.03.10"]
[Round "1.1"]
[White "Genov, Petar"]
[Black "Drenchev, Petar"]
[Result "1/2-1/2"]
[WhiteElo "2489"]
[BlackElo "2430"]
[PlyCount "26"]
[EventDate "2007.03.10"]
[EventType "tourn"]
[EventRounds "13"]
[EventCountry "BUL"]
[EventCategory "6"]
[Source "lmi"]
[SourceDate "2007.03.10"]

1. d4 d5 2. c4 c6 3. Nf3 Nf6 4. e3 a6 5. Bd3 Bg4 6. O-O Nbd7 7. Nbd2 e6 8. b3
Be7 9. Bb2 O-O 10. e4 dxe4 11. Nxe4 Nxe4 12. Bxe4 Qa5 13. h3 Bf5 1/2-1/2

[Event "71. Campeonato de Bulgaria"]
[Site "Pernik BUL"]
[Date "2007.03.10"]
[Round "1.2"]
[White "Nikolov, Momchil"]
[Black "Nikolov, Sasho"]
[Result "1/2-1/2"]
[WhiteElo "2425"]
[BlackElo "2380"]
[PlyCount "49"]
[EventDate "2007.03.10"]
[EventType "tourn"]
[EventRounds "13"]
[EventCountry "BUL"]
[EventCategory "6"]
[Source "lmi"]
[SourceDate "2007.03.10"]

1. d4 d5 2. c4 e6 3. Nf3 Nf6 4. Nc3 Be7 5. Bg5 O-O 6. e3 h6 7. Bh4 b6 8. cxd5
Nxd5 9. Bg3 c5 10. Bd3 cxd4 11. exd4 Nxc3 12. bxc3 Bb7 13. O-O Bd6 14. Qe2 Bxg3
15. hxg3 Nd7 16. a4 Qc7 17. Rfc1 Rac8 18. a5 bxa5 19. Qa2 e5 20. Nxe5 Nxe5 21.
dxe5 Qxe5 22. Qxa5 Rc5 23. Qb4 Qd5 24. Bf1 a5 25. Qf4 1/2-1/2

[Event "71. Campeonato de Bulgaria"]
[Site "Pernik BUL"]
[Date "2007.03.10"]
[Round "1.3"]
[White "Tsvetkov, Ilia"]
[Black "Yordanov, Nikolay"]
[Result "0-1"]
[WhiteElo "2324"]
[BlackElo "2237"]
[PlyCount "56"]
[EventDate "2007.03.10"]
[EventType "tourn"]
[EventRounds "13"]
[EventCountry "BUL"]
[EventCategory "6"]
[Source "lmi"]
[SourceDate "2007.03.10"]

1. Nf3 Nf6 2. g3 d5 3. Bg2 c5 4. O-O Nc6 5. d4 e6 6. b3 cxd4 7. Nxd4 Bc5 8. Bb2
O-O 9. e3 Re8 10. c4 e5 11. cxd5 Nb4 12. Ne2 Bf5 13. Nbc3 Nd3 14. Qd2 e4 15.
Nf4 Nxb2 16. Qxb2 Rc8 17. Rad1 a6 18. h3 Bd6 19. Nfe2 Qd7 20. g4 Bxg4 21. hxg4
Qxg4 22. f4 Qh4 23. Nxe4 Ng4 24. Rf3 Rxe4 25. Ng3 Qh2+ 26. Kf1 Nxe3+ 27. Rxe3
Rxe3 28. Ne2 Rce8 0-1

[Event "71. Campeonato de Bulgaria"]
[Site "Pernik BUL"]
[Date "2007.03.10"]
[Round "1.4"]
[White "Pantev, Veselin"]
[Black "Milchev, Nikolay"]
[Result "1/2-1/2"]
[WhiteElo "2325"]
[BlackElo "2348"]
[PlyCount "205"]
[EventDate "2007.03.10"]
[EventType "tourn"]
[EventRounds "13"]
[EventCountry "BUL"]
[EventCategory "6"]
[Source "lmi"]
[SourceDate "2007.03.10"]

1. Nf3 Nf6 2. d4 g6 3. c4 Bg7 4. Nc3 O-O 5. h3 c5 6. d5 d6 7. e4 e6 8. Bd3 exd5
9. cxd5 a6 10. a4 Re8 11. O-O Nbd7 12. Bf4 c4 13. Bc2 Nc5 14. Re1 Qb6 15. Rb1
Bd7 16. Nd2 Nh5 17. Be3 Qc7 18. Nxc4 b5 19. axb5 axb5 20. Nd2 b4 21. Ne2 Nf6
22. Rc1 Qb8 23. Bxc5 dxc5 24. Bd3 Bb5 25. Qc2 Nd7 26. Bxb5 Qxb5 27. b3 Ne5 28.
Nc4 Nxc4 29. Qxc4 Qxc4 30. Rxc4 Ra3 31. Rb1 Ra2 32. Kf1 f5 33. d6 Rd2 34. f3
fxe4 35. Rxe4 Rxe4 36. fxe4 Rxd6 37. Rc1 Rd3 38. Rxc5 Rxb3 39. Rc8+ Bf8 40. Nf4
Kf7 41. Ke2 Rb2+ 42. Kf3 Bd6 43. Nd3 Rd2 44. Ke3 Rxg2 45. e5 Be7 46. Nf4 Ra2
47. Rc7 Ke8 48. Nd5 Bg5+ 49. Kf3 b3 50. e6 Rd2 51. Rc8+ Bd8 52. Ke4 b2 53. Rb8
Re2+ 54. Kd3 b1=Q+ 55. Rxb1 Rxe6 56. Rb7 Re5 57. Kd4 Rh5 58. Rb3 Kd7 59. Rf3
Kd6 60. Nc3 Bb6+ 61. Ke4 Ke6 62. Ne2 Re5+ 63. Kd3 g5 64. Ng3 Ra5 65. Ke2 Bd4
66. Rb3 Ra2+ 67. Kf3 Kf6 68. Ne2 Be5 69. Rb6+ Kg7 70. Rb7+ Kg6 71. Rb6+ Bf6 72.
Ng3 Ra3+ 73. Kg2 Ra4 74. Re6 Kf7 75. Re4 Ra3 76. Re2 Ra6 77. Nf1 h5 78. Nh2 Kg6
79. Nf3 Ra3 80. Rf2 g4 81. hxg4 hxg4 82. Ng1 Be5 83. Rd2 Kf5 84. Rf2+ Kg5 85.
Re2 Bf4 86. Rc2 Rg3+ 87. Kf2 Ra3 88. Ne2 Rf3+ 89. Kg2 Be5 90. Rc5 Kf6 91. Rc8
Rh3 92. Rg8 Rh2+ 93. Kf1 Kf5 94. Rf8+ Ke4 95. Re8 Rh3 96. Kf2 Rf3+ 97. Kg2 Re3
98. Kf2 Ra3 99. Rg8 Kf5 100. Kg2 Ra2 101. Kf2 Bd6 102. Re8 Bc5+ 103. Kg2
1/2-1/2

[Event "71. Campeonato de Bulgaria"]
[Site "Pernik BUL"]
[Date "2007.03.10"]
[Round "1.5"]
[White "Rusev, Krasimir"]
[Black "Bojchev, Marian"]
[Result "0-1"]
[WhiteElo "2453"]
[BlackElo "2366"]
[PlyCount "52"]
[EventDate "2007.03.10"]
[EventType "tourn"]
[EventRounds "13"]
[EventCountry "BUL"]
[EventCategory "6"]
[Source "lmi"]
[SourceDate "2007.03.10"]

1. d4 Nf6 2. c4 e6 3. Nf3 b6 4. a3 Bb7 5. Nc3 d5 6. cxd5 Nxd5 7. Qc2 Be7 8. e4
Nxc3 9. bxc3 c5 10. Bb5+ Bc6 11. Bd3 Nd7 12. O-O O-O 13. Qe2 Re8 14. Bb2 Qc7
15. Nd2 Rad8 16. f4 Bf8 17. Rf2 b5 18. Raf1 f5 19. g4 c4 20. Bc2 Nf6 21. gxf5
Nxe4 22. fxe6 Nxd2 23. f5 Nxf1 24. Kxf1 Be7 25. Bc1 Bf6 26. Bf4 Qe7 0-1

[Event "71. Campeonato de Bulgaria"]
[Site "Pernik BUL"]
[Date "2007.03.10"]
[Round "1.6"]
[White "Serafimov, Tervel"]
[Black "Dimitrov, Vladimir"]
[Result "1/2-1/2"]
[WhiteElo "2396"]
[BlackElo "2462"]
[PlyCount "21"]
[EventDate "2007.03.10"]
[EventType "tourn"]
[EventRounds "13"]
[EventCountry "BUL"]
[EventCategory "6"]
[Source "lmi"]
[SourceDate "2007.03.10"]

1. c4 c5 2. g3 g6 3. Bg2 Bg7 4. Nc3 Nc6 5. a3 b6 6. Rb1 Bb7 7. d3 d6 8. Nf3 Qd7
9. Bd2 Nh6 10. b4 Nf5 11. O-O 1/2-1/2

[Event "71. Campeonato de Bulgaria"]
[Site "Pernik BUL"]
[Date "2007.03.10"]
[Round "1.7"]
[White "Chatalbashev, Boris"]
[Black "Kozhuharov, Spas"]
[Result "1-0"]
[WhiteElo "2541"]
[BlackElo "2426"]
[PlyCount "53"]
[EventDate "2007.03.10"]
[EventType "tourn"]
[EventRounds "13"]
[EventCountry "BUL"]
[EventCategory "6"]
[Source "lmi"]
[SourceDate "2007.03.10"]

1. d4 d5 2. c4 dxc4 3. Nf3 a6 4. e3 e6 5. Bxc4 c5 6. Qe2 b5 7. Bd3 cxd4 8. exd4
Nf6 9. O-O Be7 10. Nc3 Bb7 11. Bg5 O-O 12. Rfe1 Nc6 13. Rad1 Nb4 14. Bb1 Rc8
15. Ne5 Rc7 16. Qe3 Qd6 17. Qh3 g6 18. d5 Nbxd5 19. Qh4 Qb4 20. Rd4 Qxb2 21.
Nxd5 Nxd5 22. Bxe7 Nxe7 23. Nd7 Rc1 24. Rdd1 Rxd1 25. Rxd1 Qe2 26. Rf1 Nc6 27.
Qh6 1-0

[Event "71. Campeonato de Bulgaria"]
[Site "Pernik BUL"]
[Date "2007.03.11"]
[Round "2.1"]
[White "Drenchev, Petar"]
[Black "Kozhuharov, Spas"]
[Result "0-1"]
[WhiteElo "2430"]
[BlackElo "2426"]
[PlyCount "70"]
[EventDate "2007.03.10"]
[EventType "tourn"]
[EventRounds "13"]
[EventCountry "BUL"]
[EventCategory "6"]
[Source "lmi"]
[SourceDate "2007.03.10"]

1. e4 c5 2. f4 d5 3. exd5 Nf6 4. Bb5+ Bd7 5. Bxd7+ Qxd7 6. c4 e6 7. Qe2 Bd6 8.
Nh3 O-O 9. dxe6 fxe6 10. O-O Nc6 11. Nc3 Nd4 12. Qd1 e5 13. d3 Rae8 14. f5 e4
15. dxe4 Nxe4 16. Bf4 Rxf5 17. Nxe4 Rxe4 18. Bxd6 Rxf1+ 19. Qxf1 Qxd6 20. Re1
Qe7 21. Rxe4 Qxe4 22. Qf7+ Kxf7 23. Ng5+ Kf6 24. Nxe4+ Ke5 25. Nxc5 b6 26. Na6
Ne2+ 27. Kf2 Nc1 28. Ke3 Nxa2 29. h4 h5 30. g3 g6 31. c5 bxc5 32. Nxc5 Nb4 33.
b3 Nd5+ 34. Kd3 Kf5 35. Nd7 Kg4 0-1

[Event "71. Campeonato de Bulgaria"]
[Site "Pernik BUL"]
[Date "2007.03.11"]
[Round "2.3"]
[White "Bojchev, Marian"]
[Black "Serafimov, Tervel"]
[Result "1-0"]
[WhiteElo "2366"]
[BlackElo "2396"]
[PlyCount "81"]
[EventDate "2007.03.10"]
[EventType "tourn"]
[EventRounds "13"]
[EventCountry "BUL"]
[EventCategory "6"]
[Source "lmi"]
[SourceDate "2007.03.10"]

1. d4 g6 2. c4 Bg7 3. e4 d6 4. Nc3 Nc6 5. Be3 e5 6. d5 Nce7 7. Qd2 f5 8. f3 Nf6
9. Bd3 O-O 10. Nge2 f4 11. Bf2 c5 12. O-O-O a6 13. Kb1 Bd7 14. Ka1 Rb8 15. Rb1
b5 16. cxb5 axb5 17. b4 c4 18. Bc2 Ra8 19. Kb2 Kh8 20. Ra1 g5 21. a4 bxa4 22.
Nxa4 Rb8 23. Rhb1 c3+ 24. Nexc3 Rxb4+ 25. Kc1 Rxb1+ 26. Rxb1 Qa8 27. Nb6 Qa3+
28. Kd1 Rb8 29. Nxd7 Nxd7 30. Rxb8+ Nxb8 31. Nb5 Qa1+ 32. Ke2 Nd7 33. Qb4 Bf8
34. Nc7 Qc1 35. Qb1 Qxb1 36. Bxb1 Nc8 37. Ne6 Be7 38. Kd3 Kg8 39. Kc4 Kf7 40.
Kb5 Nf8 41. Kc6 1-0

[Event "71. Campeonato de Bulgaria"]
[Site "Pernik BUL"]
[Date "2007.03.11"]
[Round "2.4"]
[White "Milchev, Nikolay"]
[Black "Rusev, Krasimir"]
[Result "0-1"]
[WhiteElo "2348"]
[BlackElo "2453"]
[PlyCount "144"]
[EventDate "2007.03.10"]
[EventType "tourn"]
[EventRounds "13"]
[EventCountry "BUL"]
[EventCategory "6"]
[Source "lmi"]
[SourceDate "2007.03.10"]

1. Nf3 Nf6 2. c4 e6 3. g3 d5 4. Bg2 dxc4 5. Qa4+ Nbd7 6. Qxc4 c5 7. Qb3 a6 8.
a4 Bd6 9. d3 Rb8 10. Na3 b6 11. Nd2 O-O 12. Ndc4 Bc7 13. O-O Nd5 14. Bd2 Bb7
15. Rfc1 Bc6 16. e4 Ne7 17. Bg5 h6 18. Be3 Qc8 19. Bh3 Qb7 20. Nc2 Kh7 21. Nd2
Rbd8 22. Ne1 a5 23. f4 Nf6 24. Ra3 Rd7 25. Nc4 Rfd8 26. Qc2 Kh8 27. Qe2 Qa8 28.
Bg2 Bb7 29. g4 Ng6 30. g5 Nxf4 31. Bxf4 Bxf4 32. gxf6 Bxc1 33. fxg7+ Kxg7 34.
Nxb6 Qa7 35. Nxd7 Rxd7 36. Kh1 Qb6 37. Rc3 Bxb2 38. Rc2 Bd4 39. Nf3 Qb1+ 40.
Bf1 Ba6 41. Nxd4 Rxd4 42. Qg2+ Kf8 43. Rb2 Qc1 44. Rc2 Qe1 45. Re2 Qh4 46. Re3
Rxa4 47. Rh3 Qf6 48. Rf3 Qg5 49. Qf2 Qe7 50. Qd2 Kg7 51. Qb2+ Rd4 52. Qb8 Kh7
53. Rg3 Rd8 54. Qb6 Bb7 55. Qxa5 Rg8 56. Bg2 Rxg3 57. hxg3 Kg6 58. Qb6 h5 59.
Kg1 Kg5 60. Qb2 f6 61. Qb6 Bc8 62. e5 f5 63. Qb2 Kg6 64. Qb6 h4 65. gxh4 Kh5
66. Qb2 Qxh4 67. Qb8 Qd8 68. Kh2 Kg4 69. Qa8 Qh4+ 70. Kg1 Qe1+ 71. Bf1 Qg3+ 72.
Kh1 Qf3+ 0-1

[Event "71. Campeonato de Bulgaria"]
[Site "Pernik BUL"]
[Date "2007.03.11"]
[Round "2.5"]
[White "Yordanov, Nikolay"]
[Black "Pantev, Veselin"]
[Result "0-1"]
[WhiteElo "2237"]
[BlackElo "2325"]
[PlyCount "96"]
[EventDate "2007.03.10"]
[EventType "tourn"]
[EventRounds "13"]
[EventCountry "BUL"]
[EventCategory "6"]
[Source "lmi"]
[SourceDate "2007.03.10"]

1. e4 d6 2. d4 Nf6 3. Nc3 g6 4. Be3 c6 5. h3 Bg7 6. Qd2 b5 7. Bd3 Nbd7 8. Nf3
e5 9. dxe5 dxe5 10. O-O O-O 11. a4 b4 12. Ne2 c5 13. c3 Qe7 14. cxb4 cxb4 15.
Rac1 Rd8 16. Ng3 a5 17. Qe2 Nf8 18. Bb6 Rxd3 19. Qxd3 Ba6 20. Qd1 Qb7 21. Re1
Qxb6 22. Nxe5 Bb7 23. Nc4 Qa6 24. e5 Ne8 25. Qd4 Ne6 26. Qh4 Rc8 27. Ne3 Rxc1
28. Rxc1 Bxe5 29. Ng4 Bxb2 30. Rc2 Bg7 31. Qe7 Qa8 32. Rd2 N8c7 33. Nf6+ Bxf6
34. Qxf6 Nd5 35. Qe5 Ndf4 36. f3 Qc8 37. Kh2 Qc7 38. Qxc7 Nxc7 39. Rd8+ Kg7 40.
Rd7 Nfe6 41. Rd6 Kf6 42. Ne2 Ke5 43. Rb6 Nc5 44. Kg3 Ba6 45. f4+ Kd5 46. Kf2
Bxe2 47. Kxe2 Nd7 48. Rb7 Kc6 0-1

[Event "71. Campeonato de Bulgaria"]
[Site "Pernik BUL"]
[Date "2007.03.11"]
[Round "2.6"]
[White "Nikolov, Sasho"]
[Black "Tsvetkov, Ilia"]
[Result "1/2-1/2"]
[WhiteElo "2380"]
[BlackElo "2324"]
[PlyCount "50"]
[EventDate "2007.03.10"]
[EventType "tourn"]
[EventRounds "13"]
[EventCountry "BUL"]
[EventCategory "6"]
[Source "lmi"]
[SourceDate "2007.03.10"]

1. d4 d5 2. c4 c6 3. Nf3 Nf6 4. Nc3 e6 5. Bg5 Nbd7 6. e3 Qa5 7. cxd5 Nxd5 8.
Qd2 Bb4 9. Rc1 h6 10. Bh4 c5 11. Bd3 cxd4 12. exd4 b6 13. O-O Bb7 14. Bb5 Qxb5
15. Nxb5 Bxd2 16. Nd6+ Kf8 17. Nxd2 Ba6 18. Rfe1 g5 19. Bg3 Kg7 20. a3 Rhd8 21.
h4 Nf8 22. hxg5 hxg5 23. N2e4 f6 24. Rc6 Rd7 25. f3 Rad8 1/2-1/2

[Event "71. Campeonato de Bulgaria"]
[Site "Pernik BUL"]
[Date "2007.03.11"]
[Round "2.7"]
[White "Genov, Petar"]
[Black "Nikolov, Momchil"]
[Result "0-1"]
[WhiteElo "2489"]
[BlackElo "2425"]
[PlyCount "90"]
[EventDate "2007.03.10"]
[EventType "tourn"]
[EventRounds "13"]
[EventCountry "BUL"]
[EventCategory "6"]
[Source "lmi"]
[SourceDate "2007.03.10"]

1. d4 Nf6 2. c4 e6 3. Nc3 Bb4 4. Qc2 c5 5. dxc5 O-O 6. a3 Bxc5 7. Nf3 b6 8. Bf4
Bb7 9. e3 Nh5 10. Bg5 Be7 11. h4 h6 12. Be2 hxg5 13. g4 gxh4 14. gxh5 f5 15.
Rg1 Bxf3 16. Bxf3 Nc6 17. Nb5 Rc8 18. Bxc6 dxc6 19. Nd4 Rf6 20. O-O-O Qe8 21.
Qc3 Qf7 22. f4 Rh6 23. Nf3 Bf6 24. Ne5 Qxh5 25. Rd2 c5 26. Qd3 Bxe5 27. fxe5
Rf8 28. Rdg2 Qf7 29. Kb1 Qb7 30. Ka1 Kh7 31. Rh2 Rf7 32. Qd8 Qe7 33. Qa8 g5 34.
Rd2 g4 35. Rd8 Rg7 36. Rgd1 h3 37. Rh8+ Kg6 38. Re8 Qf7 39. Rf8 Qc7 40. Qe8+
Kg5 41. Rg8 h2 42. Qf8 Rxg8 43. Qxg8+ Kh4 44. Qf8 Rh7 45. Qf6+ Kg3 0-1

[Event "71. Campeonato de Bulgaria"]
[Site "Pernik BUL"]
[Date "2007.03.12"]
[Round "3.2"]
[White "Tsvetkov, Ilia"]
[Black "Genov, Petar"]
[Result "1/2-1/2"]
[WhiteElo "2324"]
[BlackElo "2489"]
[PlyCount "93"]
[EventDate "2007.03.10"]
[EventType "tourn"]
[EventRounds "13"]
[EventCountry "BUL"]
[EventCategory "6"]
[Source "lmi"]
[SourceDate "2007.03.10"]

1. d4 Nf6 2. c4 b6 3. Nc3 Bb7 4. f3 d5 5. cxd5 Nxd5 6. e4 Nxc3 7. bxc3 e6 8.
Be3 Be7 9. Bd3 O-O 10. Ne2 c5 11. O-O Nc6 12. Rc1 Qd7 13. Qd2 Rfd8 14. Rfd1 Na5
15. Nf4 cxd4 16. cxd4 Rac8 17. d5 exd5 18. Nxd5 Bxd5 19. exd5 Rxc1 20. Qxc1 Nb7
21. Ba6 Nc5 22. Qc4 Qa4 23. Qxa4 Nxa4 24. Bb7 Bc5 25. Kf2 Nb2 26. Rb1 Nd3+ 27.
Ke2 Re8 28. Kxd3 Rxe3+ 29. Kd2 Ra3 30. Rb2 Kf8 31. Kc1 Re3 32. Kd1 Ra3 33. Re2
g6 34. Bc6 Kg7 35. Kc1 Bd6 36. Kb2 Rd3 37. Kc2 Rd4 38. Kc3 Rd1 39. h3 Kf6 40.
Kc4 Rb1 41. Be8 b5+ 42. Kc3 a6 43. Kc2 Ra1 44. Kd3 h5 45. Bc6 Rd1+ 46. Rd2 Rc1
47. Rc2 1/2-1/2

[Event "71. Campeonato de Bulgaria"]
[Site "Pernik BUL"]
[Date "2007.03.12"]
[Round "3.4"]
[White "Rusev, Krasimir"]
[Black "Yordanov, Nikolay"]
[Result "1-0"]
[WhiteElo "2453"]
[BlackElo "2237"]
[PlyCount "75"]
[EventDate "2007.03.10"]
[EventType "tourn"]
[EventRounds "13"]
[EventCountry "BUL"]
[EventCategory "6"]
[Source "lmi"]
[SourceDate "2007.03.10"]

1. Nf3 c5 2. g3 Nf6 3. Bg2 d5 4. O-O Nc6 5. d4 e6 6. c4 dxc4 7. Qa4 Bd7 8. Qxc4
b5 9. Qd3 c4 10. Qc2 Be7 11. Nc3 a6 12. a3 O-O 13. Bg5 Rc8 14. Rad1 b4 15. Bxf6
Bxf6 16. d5 b3 17. Qc1 Na5 18. dxe6 fxe6 19. Qe3 Qc7 20. Bh3 Rce8 21. Rd2 Bc6
22. Nd4 Bxd4 23. Qxd4 e5 24. Qc5 Re7 25. Rfd1 Be8 26. Qxc7 Rxc7 27. Rd5 Nc6 28.
Rc5 Re7 29. e3 e4 30. Rd6 Ne5 31. Be6+ Rxe6 32. Rxe6 Nf3+ 33. Kh1 Bd7 34. Rxe4
Bc8 35. Rf4 Bb7 36. Rxf8+ Kxf8 37. e4 Nd2 38. f3 1-0

[Event "71. Campeonato de Bulgaria"]
[Site "Pernik BUL"]
[Date "2007.03.12"]
[Round "3.5"]
[White "Serafimov, Tervel"]
[Black "Milchev, Nikolay"]
[Result "0-1"]
[WhiteElo "2396"]
[BlackElo "2348"]
[PlyCount "84"]
[EventDate "2007.03.10"]
[EventType "tourn"]
[EventRounds "13"]
[EventCountry "BUL"]
[EventCategory "6"]
[Source "lmi"]
[SourceDate "2007.03.10"]

1. g3 g6 2. Bg2 Bg7 3. f4 d6 4. Nc3 e5 5. d3 Nc6 6. Nf3 Nge7 7. e4 O-O 8. O-O
Nd4 9. h3 c6 10. Nxd4 exd4 11. Ne2 d5 12. e5 f6 13. exf6 Bxf6 14. g4 Bg7 15.
Bd2 Qd6 16. Qe1 Bd7 17. Qg3 Rae8 18. Rf2 Qc5 19. Nc1 b6 20. b4 Qd6 21. Ne2 Nc8
22. Raf1 c5 23. f5 Be5 24. Bf4 g5 25. Bxe5 Rxe5 26. f6 Be6 27. bxc5 bxc5 28. c3
Re3 29. Qxd6 Nxd6 30. cxd4 Rxd3 31. dxc5 Ne4 32. Bxe4 dxe4 33. f7+ Kg7 34. Kg2
e3 35. Nc1 Rc3 36. Rb2 Bd5+ 37. Kg1 Rxf7 38. Rxf7+ Kxf7 39. Nb3 Kf6 40. Kf1 Ke5
41. Rb1 Rc2 42. Re1 Ke4 0-1

[Event "71. Campeonato de Bulgaria"]
[Site "Pernik BUL"]
[Date "2007.03.12"]
[Round "3.6"]
[White "Chatalbashev, Boris"]
[Black "Bojchev, Marian"]
[Result "1-0"]
[WhiteElo "2541"]
[BlackElo "2366"]
[PlyCount "189"]
[EventDate "2007.03.10"]
[EventType "tourn"]
[EventRounds "13"]
[EventCountry "BUL"]
[EventCategory "6"]
[Source "lmi"]
[SourceDate "2007.03.10"]

1. d4 Nf6 2. c4 e6 3. Nf3 b6 4. e3 Bb7 5. Nc3 Bb4 6. Bd3 Bxc3+ 7. bxc3 d6 8.
O-O c5 9. a4 Nc6 10. Nd2 e5 11. Nb3 a5 12. Rb1 Qc7 13. f4 e4 14. Be2 Ne7 15.
Na1 Bc6 16. Qb3 Rb8 17. Nc2 Qd7 18. Ra1 O-O 19. Bd2 h5 20. d5 Bb7 21. Na3 Ba6
22. Qd1 g6 23. Rb1 Kg7 24. Nb5 Nf5 25. g3 Rg8 26. Rf2 Kf8 27. Rg2 Ke7 28. Qc2
Nh6 29. Rf1 Kd8 30. Kf2 Qe7 31. h3 Bc8 32. Rh1 Bf5 33. Qd1 Qd7 34. Rgh2 Ke7 35.
Qf1 g5 36. fxg5 Rxg5 37. Ke1 Rbg8 38. Qf4 Ne8 39. Kd1 Bh7 40. g4 f6 41. Be1 Nf7
42. Bh4 Ne5 43. Bxg5 fxg5 44. Qf1 h4 45. Rf2 Bg6 46. Kd2 Nf7 47. Qb1 Rg7 48.
Rhf1 Ne5 49. Kc1 Rf7 50. Rxf7+ Nxf7 51. Kb2 Nf6 52. Qe1 Qb7 53. Kb3 Nd7 54. Bd1
Nfe5 55. Bc2 Qb8 56. Rf2 Qg8 57. Nc7 Nf7 58. Qb1 Qh7 59. Ne6 Nde5 60. Ka2 Nd7
61. Qb5 Nfe5 62. Qa6 Qh8 63. Kb3 Nf7 64. Qb7 Nfe5 65. Rf8 Qxf8 66. Nxf8 Kxf8
67. Qc8+ Ke7 68. Qh8 Nf7 69. Qg7 Nde5 70. Kb2 Ke8 71. Qf6 Kf8 72. Qe6 Bh7 73.
Kb3 Bg6 74. Ka2 Bh7 75. Kb1 Bg6 76. Kc1 Bh7 77. Kd1 Bg6 78. Ke2 Bh7 79. Qf6 Nd7
80. Qf1 Ke7 81. Qb1 Bg6 82. Bxe4 Bxe4 83. Qxe4+ Nde5 84. Qh7 Kf6 85. Qb1 Nxc4
86. Qb5 Nfe5 87. Qe8 Nf7 88. Qe6+ Kg7 89. Kd3 Nce5+ 90. Ke4 Kf8 91. Kf5 Kg7 92.
Qf6+ Kf8 93. Ke6 Kg8 94. Ke7 c4 95. e4 1-0

[Event "71. Campeonato de Bulgaria"]
[Site "Pernik BUL"]
[Date "2007.03.12"]
[Round "4.1"]
[White "Drenchev, Petar"]
[Black "Dimitrov, Vladimir"]
[Result "0-1"]
[WhiteElo "2430"]
[BlackElo "2462"]
[PlyCount "96"]
[EventDate "2007.03.10"]
[EventType "tourn"]
[EventRounds "13"]
[EventCountry "BUL"]
[EventCategory "6"]
[Source "lmi"]
[SourceDate "2007.03.10"]

1. d4 Nf6 2. c4 e6 3. Nf3 b6 4. a3 Ba6 5. Qc2 c5 6. d5 exd5 7. cxd5 g6 8. Nc3
Bg7 9. g3 O-O 10. Bg2 d6 11. O-O Nbd7 12. Re1 b5 13. h3 Re8 14. e4 Qc8 15. Bf1
b4 16. Nb5 Bxb5 17. Bxb5 Rb8 18. Bc6 b3 19. Qd3 Ne5 20. Nxe5 Rxe5 21. Kg2 Re7
22. Bf4 Qc7 23. Re2 Nd7 24. Qc4 h6 25. h4 Ne5 26. Bxe5 Bxe5 27. Rd1 Bd4 28. Rd3
f5 29. Rxb3 Rxb3 30. Qxb3 Rxe4 31. Rxe4 fxe4 32. Qc2 Qf7 33. Qe2 a5 34. b3 Kg7
35. Qxe4 Qxf2+ 36. Kh3 Qf1+ 37. Qg2 Qf5+ 38. g4 Qd3+ 39. Qg3 Qe2 40. Qg2 Qd1
41. g5 h5 42. Qe4 Qf1+ 43. Qg2 Qf5+ 44. Kh2 Be5+ 45. Kg1 Qb1+ 46. Kf2 Qb2+ 47.
Kf1 Qc1+ 48. Ke2 Qc2+ 0-1

[Event "71. Campeonato de Bulgaria"]
[Site "Pernik BUL"]
[Date "2007.03.12"]
[Round "4.2"]
[White "Bojchev, Marian"]
[Black "Kozhuharov, Spas"]
[Result "1/2-1/2"]
[WhiteElo "2366"]
[BlackElo "2426"]
[PlyCount "27"]
[EventDate "2007.03.10"]
[EventType "tourn"]
[EventRounds "13"]
[EventCountry "BUL"]
[EventCategory "6"]
[Source "lmi"]
[SourceDate "2007.03.10"]

1. c4 c6 2. d4 d5 3. Nf3 Nf6 4. Nbd2 e6 5. g3 Nbd7 6. Bg2 Bd6 7. O-O O-O 8. Qc2
Re8 9. Rd1 Qe7 10. e4 Nxe4 11. Nxe4 dxe4 12. Qxe4 e5 13. dxe5 Nxe5 14. Bf4
1/2-1/2

[Event "71. Campeonato de Bulgaria"]
[Site "Pernik BUL"]
[Date "2007.03.12"]
[Round "4.3"]
[White "Milchev, Nikolay"]
[Black "Chatalbashev, Boris"]
[Result "0-1"]
[WhiteElo "2348"]
[BlackElo "2541"]
[PlyCount "61"]
[EventDate "2007.03.10"]
[EventType "tourn"]
[EventRounds "13"]
[EventCountry "BUL"]
[EventCategory "6"]
[Source "lmi"]
[SourceDate "2007.03.10"]

1. d4 g6 2. Nf3 Bg7 3. c4 c5 4. d5 d6 5. e4 Nf6 6. Nc3 O-O 7. h3 e6 8. Bd3 Na6
9. O-O Nc7 10. a4 Na6 11. Be3 e5 12. Kh2 Nb4 13. Be2 Nh5 14. g3 f5 15. exf5
Bxf5 16. g4 Bc2 17. Qd2 Nf4 18. Ne1 Qh4 19. Bxf4 Rxf4 20. Nxc2 Bh6 21. Bd1 Rf3
22. Bxf3 Bxd2 23. Nxb4 Rf8 24. Kg2 Bxc3 25. bxc3 cxb4 26. cxb4 Rxf3 27. Kxf3
Qxh3+ 28. Ke2 Qxg4+ 29. f3 Qxc4+ 30. Kf2 Qxb4 31. Rfd1 0-1

[Event "71. Campeonato de Bulgaria"]
[Site "Pernik BUL"]
[Date "2007.03.12"]
[Round "4.4"]
[White "Yordanov, Nikolay"]
[Black "Serafimov, Tervel"]
[Result "0-1"]
[WhiteElo "2237"]
[BlackElo "2396"]
[PlyCount "62"]
[EventDate "2007.03.10"]
[EventType "tourn"]
[EventRounds "13"]
[EventCountry "BUL"]
[EventCategory "6"]
[Source "lmi"]
[SourceDate "2007.03.10"]

1. e4 c6 2. d4 d5 3. exd5 cxd5 4. c4 Nf6 5. Nc3 Be6 6. Nge2 dxc4 7. Nf4 Bg4 8.
f3 Bf5 9. Bxc4 e6 10. O-O Bd6 11. Qa4+ Nbd7 12. g4 Bg6 13. Bxe6 fxe6 14. Nxe6
Qb8 15. Nxg7+ Kf7 16. Bh6 Bd3 17. Rf2 Bf4 18. Qb3+ Kg6 19. Bxf4 Qxf4 20. Ne6
Qd6 21. Rd1 Ba6 22. Qc2+ Kf7 23. Ne4 Nxe4 24. fxe4+ Kxe6 25. Qb3+ Ke7 26. Rf7+
Ke8 27. e5 Qg6 28. e6 Qxg4+ 29. Kf2 Qe2+ 30. Kg3 Rg8+ 31. Kf4 Rg4+ 0-1

[Event "71. Campeonato de Bulgaria"]
[Site "Pernik BUL"]
[Date "2007.03.12"]
[Round "4.6"]
[White "Genov, Petar"]
[Black "Pantev, Veselin"]
[Result "1-0"]
[WhiteElo "2489"]
[BlackElo "2325"]
[PlyCount "91"]
[EventDate "2007.03.10"]
[EventType "tourn"]
[EventRounds "13"]
[EventCountry "BUL"]
[EventCategory "6"]
[Source "lmi"]
[SourceDate "2007.03.10"]

1. c4 Nf6 2. Nc3 e5 3. Nf3 Nc6 4. a3 g6 5. g3 Bg7 6. Bg2 O-O 7. O-O d6 8. b4
Nd4 9. d3 c6 10. Bg5 h6 11. Bxf6 Qxf6 12. Nd2 Qe7 13. b5 Qc7 14. bxc6 Nxc6 15.
Nd5 Qd8 16. Rb1 Rb8 17. Ne4 b6 18. Nb4 Na5 19. Nc3 Be6 20. Nc6 Nxc6 21. Bxc6
Rc8 22. Qa4 Qe7 23. Bd5 Rfd8 24. Qb4 e4 25. Bxe6 Bxc3 26. Bxf7+ Qxf7 27. Qxc3
exd3 28. Qxd3 d5 29. cxd5 Rxd5 30. Qb3 Rd2 31. Qe3 Rcd8 32. Rb4 Kh7 33. Re4
R2d7 34. Rc1 Rd1+ 35. Rxd1 Rxd1+ 36. Kg2 Rd7 37. f3 h5 38. Re5 Qf6 39. Qe4 Kg7
40. Re6 Qf7 41. a4 Kh7 42. h3 Rc7 43. g4 hxg4 44. hxg4 Kg7 45. Qe5+ Kh7 46. Re8
1-0

[Event "71. Campeonato de Bulgaria"]
[Site "Pernik BUL"]
[Date "2007.03.12"]
[Round "4.7"]
[White "Nikolov, Momchil"]
[Black "Tsvetkov, Ilia"]
[Result "1/2-1/2"]
[WhiteElo "2425"]
[BlackElo "2324"]
[PlyCount "67"]
[EventDate "2007.03.10"]
[EventType "tourn"]
[EventRounds "13"]
[EventCountry "BUL"]
[EventCategory "6"]
[Source "lmi"]
[SourceDate "2007.03.10"]

1. d4 d5 2. Nf3 Nf6 3. c4 c6 4. Nc3 e6 5. Bg5 Nbd7 6. cxd5 exd5 7. e3 Be7 8.
Bd3 O-O 9. Qc2 Re8 10. O-O Nf8 11. Rab1 a5 12. a3 Ne4 13. Bxe7 Qxe7 14. Bxe4
dxe4 15. Nd2 f5 16. b4 Be6 17. Ne2 axb4 18. axb4 Ra2 19. Rb2 Rxb2 20. Qxb2 Ra8
21. Qc3 Bd5 22. Rb1 Ne6 23. Nc4 Qg5 24. b5 f4 25. Nxf4 Nxf4 26. exf4 Qxf4 27.
bxc6 bxc6 28. Ne5 h6 29. Rc1 Ra2 30. Qe3 Rxf2 31. Qxf4 Rxf4 32. Nxc6 Bxc6 33.
Rxc6 e3 34. Re6 1/2-1/2